Pokémon commençant par L - Statistiques

Statistiques générales
  • Ce quiz a été pris 3 657 fois
    1 940 depuis la dernière actualisation
  • Le résultat moyen est 27 sur 53
Statistiques - réponses
Réponse % Correct
171 Lanturn
75%
170 Loupio
75%
249 Lugia
69%
427 Laporeille
68%
131 Lokhlass
66%
124 Lippoutou
65%
130 Léviator
64%
428 Lockpin
64%
403 Lixy
62%
381 Latios
61%
113 Leveinard
61%
404 Luxio
61%
405 Luxray
61%
380 Latias
60%
218 Limagma
60%
238 Lippouti
60%
745 Lougaroc
60%
087 Lamantine
58%
242 Leuphorie
58%
448 Lucario
58%
272 Ludicolo
58%
260 Laggron
57%
271 Lombre
56%
180 Lainergie
55%
603 Lampéroie
55%
816 Larméléon
54%
496 Lianaja
53%
581 Lakmécygne
50%
792 Lunala
50%
540 Larveyette
48%
664 Lépidonille
48%
736 Larvibule
47%
618 Limonde
47%
330 Libégon
46%
314 Lumivole
46%
264 Linéon
45%
609 Lugulabre
44%
617 Limaspeed
43%
370 Lovdisc
43%
457 Luminéon
42%
818 Lézargus
40%
589 Lançargot
39%
345 Lilia
39%
814 Lapyro
38%
824 Larvadar
36%
738 Lucanon
36%
756 Lampignon
35%
887 Lanssorien
35%
962 Lestombaile
34%
919 Lilliterelle
33%
510 Léopardus
31%
605 Lewsor
29%
953 Léboulérou
26%
Aucun quiz correspondant
Distribution des résultats
% des personnes avec chaque résultat
Percentile par nombre de réponses
Votre historique - résultats
Vous n’avez pas pris ce quiz depuis la dernière actualisation